|
|
|
|
| LEADER |
00969nam a2200253 4500 |
| 001 |
c000061468 |
| 003 |
CARM |
| 005 |
00000000000000.0 |
| 008 |
731129s1974 nju b 00110 eng |
| 019 |
1 |
|
|a 515423
|5 LACONCORD2021
|
| 020 |
|
|
|a 0139349359
|a 0139349278 (pbk.)
|
| 035 |
|
|
|a (OCoLC)763633
|5 LACONCORD2021
|
| 043 |
|
|
|a n-us---
|
| 050 |
0 |
0 |
|a E744
|b .C355 1974
|
| 100 |
1 |
|
|a Caridi, Ronald J.
|
| 245 |
1 |
0 |
|a 20th century American foreign policy: security and self-interest
|c [by] Ronald J. Caridi.
|
| 260 |
|
|
|a Englewood Cliffs, N.J.,
|b Prentice-Hall
|c [1974]
|
| 300 |
|
|
|a xii, 388 p.
|c 24 cm.
|
| 504 |
|
|
|a Includes bibliographical references.
|
| 651 |
|
0 |
|a United States
|x Foreign relations
|y 20th century.
|
| 852 |
8 |
|
|b CARM
|h A2:AE23A0
|i B00191
|p 0010859
|f BK
|
| 082 |
0 |
4 |
|a 327.73
|
| 999 |
f |
f |
|i 9437a18f-b9be-5548-ac96-ddbb44c57d02
|s a5a7cf56-90b3-503d-b17f-1882318fae69
|
| 952 |
f |
f |
|p Can circulate
|a CAVAL
|b CAVAL
|c CAVAL
|d CARM 1 Store
|e B00191
|f A2:AE23A0
|h Other scheme
|i book
|m 0010859
|